Konkurenční výhody rodinných firem
Základné výhody rodinných firiem. Dlhodobé ciele a opatrné zadlžovanie. Výhoda a dôležitosť vplyvu regiónu. Príklady nemeckých rodinných firiem. Úcta k zamestnancom a tímovej práci.
Uložené v:
| Hlavný autor: | |
|---|---|
| Médium: | Kapitola |
| Jazyk: | Czech |
| Predmet: | |
| Tagy: |
Žiadne tagy, Buďte prvý, kto otaguje tento záznam!
|
MARC
| LEADER | 00000naa a2200000 4500 | ||
|---|---|---|---|
| 001 | 0205893 | ||
| 005 | 20231211122509.1 | ||
| 041 | 0 | |a cze | |
| 044 | |a CZ | ||
| 245 | 1 | 0 | |a Konkurenční výhody rodinných firem |c Stanislav Servus |
| 520 | |a Základné výhody rodinných firiem. Dlhodobé ciele a opatrné zadlžovanie. Výhoda a dôležitosť vplyvu regiónu. Príklady nemeckých rodinných firiem. Úcta k zamestnancom a tímovej práci. | ||
| 610 | 2 | 0 | |a podnikanie rodinné |
| 610 | 2 | 0 | |a podnik rodinný |
| 610 | 2 | 0 | |a vedenie podniku |
| 610 | 2 | 0 | |a výhody konkurenčné |
| 610 | 2 | 0 | |a zamestnanci |
| 610 | 2 | 0 | |a partneri obchodní |
| 610 | 2 | 0 | |a spoločníci |
| 100 | 1 | |a Servus, Stanislav | |